000 01399nam0a2200277 i 4500
001 RU\NLR\bibl\840867
005 20240725210242.0
021 _aRU
_b2005-9467а
_9379а
035 _a(NLR Aleph) 000829691
090 _a1352882
_c1352882
100 _a20050915d2005 |||y0rusy50 ca
101 0 _arus
102 _aRU
105 _ay dm |||||
200 1 _aКриминологическая и уголовно-правовая характеристика незаконного лишения свободы
_e(по материалам Вост.-Сиб. региона)
_eавтореф. дис. на соиск. учен. степ. к.ю.н.
_eспец. 12.00.08
_fДмитриев Дмитрий Николаевич
_g[Байк. гос. ун-т экономики и права]
210 _aИркутск
_d2005
215 _a22 с.
_cил.
_d21
320 _aБиблиогр.: с. 22 (4 назв.)
686 _a12.00.08
_2oksvnk
700 1 _aДмитриев
_bД. Н.
_gДмитрий Николаевич
_4070
801 0 _aRU
_bNLR
_c20050915
_grcr
801 1 _aRU
_bNLR
_c20050915
942 _cBOOK
981 1 0 _a(10) Авторефераты
_b(10) 12.00.00 Юридические науки
_b12.00.08 Уголовное право и криминология; уголовно-исполнительное право